Tratado Fundamental Psicología Publicitaria /

Gorde:
Xehetasun bibliografikoak
Egile nagusia: Mendía, V.A (autor)
Formatua: Liburua
Hizkuntza:gaztelania
Argitaratua: Buenos Aires, Argentina : Editorial Técnica y Ciencia, 1952
Gaiak:
Etiketak: Etiketa erantsi
Etiketarik gabe, Izan zaitez lehena erregistro honi etiketa jartzen!

MARC

LEADER 00000nam^a2200000^a^4500
001 000017687
005 20250521000000.0
009 20260310084151.037
037 |a Acervo ITESO - Biblioteca 
041 |a ESP 
082 |a 150. 13  |b MEN 
100 |a Mendía, V.A.  |e (autor) 
245 1 0 |a Tratado Fundamental Psicología Publicitaria /  |c V.A. Mendía. 
264 1 |a Buenos Aires, Argentina :  |b Editorial Técnica y Ciencia,  |c 1952 
300 |a 379 p. 
336 |a texto  |b txt  |2 rdacontenido 
337 |a sin mediación  |b n  |2 rdamedio 
338 |a volumen  |b nc  |2 rdasoporte 
649 |a XX 
650 |a Psicología 
910 |a Fondo General 
920 |a Impresos - Libros 
930 |a Colección General 
905 |a 101 
901 |a 0176870100  |b IT1  |c ACC  |i 017687  |u 20250521 
902 |a https://opac.biblio.iteso.mx/vufind/Record/000017687